Brazilian Série A teams (2003-) - Statistics

General Stats
  • This quiz has been taken 119 times
  • The average score is 28 of 44
Answer Stats
1st year Answer % Correct
2003 Corinthians
95%
2003 São Paulo
94%
2003 Flamengo
93%
2004 Palmeiras
93%
2003 Santos
93%
2003 Fluminense
90%
2004 Botafogo
89%
2003 Vasco
89%
2003 Grêmio
88%
2003 Bahia
86%
2003 Atlético-MG
83%
2003 Fortaleza
81%
2003 Cruzeiro
80%
2003 Internacional
80%
2003 Athletico
75%
2003 Coritiba
74%
2003 Vitória
71%
2007 Sport
69%
2011 América-MG
66%
2003 Juventude
66%
2020 Red Bull Bragantino
66%
2010 Ceará
64%
2021 Cuiabá
64%
2003 Criciúma
63%
2014 Chapecoense
61%
2003 Goiás
61%
2003 Paraná
60%
2010 Atlético-GO
59%
2009 Avaí
54%
2003 Ponte Preta
54%
2003 Paysandu
53%
2003 Guarani
50%
2015 Joinville
50%
2007 Náutico
49%
2019 CSA
46%
2003 Figueirense
46%
2006 Santa Cruz
46%
2007 América-RN
43%
2008 Portuguesa
39%
2003 São Caetano
39%
2009 Grêmio Barueri
36%
2009 Santo André
35%
2005 Brasiliense
28%
2008 Ipatinga
23%
No matching quizzes found
Score Distribution
Percent of People with Each Score
Percentile by Number Answered
Your Score History
You have not taken this quiz